LEADER 00880nam0-2200313---450- 001 990008485410403321 005 20070315141423.0 010 $a0-300-11979-8 035 $a000848541 035 $aFED01000848541 035 $a(Aleph)000848541FED01 035 $a000848541 100 $a20070315d2005----km-y0itay50------ba 101 0 $aeng 102 $aUS 105 $aa---a---001yy 200 1 $aSoldiers & ghosts$ea history of battle in classical antiquity$fJ. E. Lendon 210 $aNew Haven$cYale University Press$d2005 215 $aXII, 468 p.$cill.$d24 cm 610 0 $aStoria militare 676 $a355.00937$v21$zita 700 1$aLendon,$bJ. E.$0308967 801 0$aIT$bUNINA$gRICA$2UNIMARC 901 $aBK 912 $a990008485410403321 952 $a355 LEN 1$bBibl. 55653$fFLFBC 959 $aFLFBC 996 $aSoldiers & ghosts$9730914 997 $aUNINA LEADER 01037nam a2200289 i 4500 001 991000911149707536 005 20020502180941.0 008 981215s1996 it ||| | ita 020 $a8842049077 035 $ab11435781-39ule_inst 035 $aPRUMB51343$9ExL 040 $aDip. SSSC$bita 082 0 $a501 100 1 $aFeyerabend, Paul K.$045134 245 10$aAmbiguitą e armonia :$blezioni trentine /$cPaul K. Feyerabend ; a cura di Francesca Castellani 260 $aRoma ; Bari :$bLaterza,$c1996 300 $aXVI, 174 p. :$b1 ritr. ;$c21 cm. 490 0 $aSagittari Laterza ;$v101 500 $aTrad. dall'inglese di Caterina Castellani 650 4$aFilosofia della scienza 700 1 $aCastellani, Francesca 907 $a.b11435781$b01-03-17$c01-07-02 912 $a991000911149707536 945 $aLE021 C34H7$g1$i2021000023149$lle021$o-$pE0.00$q-$rl$so $t0$u0$v0$w0$x0$y.i1162033x$z01-07-02 996 $aAmbiguitą e armonia$9186054 997 $aUNISALENTO 998 $ale021$b01-01-98$cm$da $e-$fita$git $h0$i1